Suite-Pee Lyrics - Statistics

General Stats
  • This quiz has been taken 8 times
  • The average score is 15 of 23
Answer Stats
Lyrics % Correct
And for her, everyone {cried}
86%
Die her {philosophy}, die
86%
Everyone {cried}, everyone {cried}
86%
Let the messiah {go} {through} our souls
86%
Lie naked {on} {the} {floor} and
86%
The other day her name was {Jesus}
86%
Try her {philosophy}, try
86%
Try her {philosophy}, try her {philosophy}
86%
You'll die for her {philosophy}, die for her {philosophy}
86%
Cause {everyone} {needs} a motherfucker
71%
{Die}!
71%
{Die}! (Like a motherfucker)
71%
The falling of [Christ}, the falling of {Christ}
71%
The following of a {Christ}, the following of a {Christ}
71%
Hoist around the {spade}
57%
I had an {out} {of} {body} experience
57%
I wanna {fuck} {my} {way} to the garden
57%
Crossed and terrored {ravages} of architecture
43%
Let the messiah {go} {all} {through} our souls
43%
We're crossed and terrored {ravages} of architecture
43%
{Why}?
43%
{Why}? (Like a motherfucker)
43%
{Led} {me} thy blades
29%
No matching quizzes found
Score Distribution
Percent of People with Each Score
Percentile by Number Answered
Your Score History
You have not taken this quiz